| 000 | 01160nam a2200265Ia 4500 | ||
|---|---|---|---|
| 003 | OSt | ||
| 005 | 20220923225332.0 | ||
| 006 | a|||||r|||| 00| 0 | ||
| 007 | ta | ||
| 008 | 220922b |||||||| |||| 00| 0 hin d | ||
| 020 | _c300 | ||
| 024 | _a263,579 | ||
| 037 |
_b242, 01/10/2011, Eastern Book Linkers _cTextual |
||
| 040 |
_aARTS _cARTS _bhin |
||
| 041 |
_2hin _ahin |
||
| 082 | _aP15,C:4x7,1, 152Q0 | ||
| 100 | _aशाह, गोविंदलाल एस. | ||
| 245 | 0 | _aपिंगलाचार्य के आसन्नपूर्वोत्तरकालिक संस्कृत काव्यों में प्रयुक्त लौकिक छंद | |
| 246 | _aPiangalāchārya ke āsannapūrvottarakālik sanskṛut kāvyoan mean prayukta laukik chhanda | ||
| 260 |
_aअहमदाबाद _b गोंविंदलाल एस. शाह _c2010 |
||
| 300 |
_a133पृ. _ccm. |
||
| 650 | _aभाषाशास्त्र | ||
| 942 |
_hP15,C:4x7,1, 152Q0 _cTEXL _2CC |
||
| 999 |
_c377608 _d377608 |
||